000 00315nam a22001337a 4500
008 170616b xxu||||| |||| 00| 0 eng d
020 _a007019904
041 _aeng
080 _a32
100 _a20
101 _aSHP
245 _aAN INTRODUCTION TO COMMUNITY EXPERIMENTATION
_cFAIRWEATHER, G.W
942 _2udc
_cBK
999 _c17864
_d17864